| 000 | 01173cam a2200301 4500 | ||
|---|---|---|---|
| 008 | 090401t1993 xxu||||| |||| 00| 0 eng d | ||
| 020 | _a0117527793 | ||
| 035 | _a(Sirsi) u65969 | ||
| 041 | _aeng | ||
| 050 |
_a711.1 _c18 |
||
| 110 |
_aUnited Kingdom _bDepartment of the Environment _9982 |
||
| 245 |
_aMinerals planning guidance _bthe control of noise at surface mineral workings |
||
| 260 |
_aLondon _bHMSO _c1993 |
||
| 300 |
_a15p. _b30cm. |
||
| 350 | _a4 | ||
| 490 |
_aMPG _v11 |
||
| 520 | _aAdvice to minerals planning authorities and the industry on how the environmental performance of the industry can be improved by the control of noise from operations. Looks at the use of planning controls as well as good environmental practice. View at www.planning.odpm.gov.uk. | ||
| 650 | _aMINERAL WORKINGS | ||
| 650 | _aMPG11 | ||
| 650 | _aNOISE CONTROL | ||
| 650 | _aPLANNING CONTROL | ||
| 650 | _aSURFACE MINERAL WORKINGS | ||
| 690 | _aMINING AND MINERALS | ||
| 710 |
_aUnited Kingdom _bWelsh Office _91214 |
||
| 856 |
_uhttps://www.communities.gov.uk/index.asp?id=1144226 _vView the guidance on the ODPM website... |
||
| 942 | _n0 | ||
| 948 | _c04/03/1997 | ||
| 999 |
_c94807 _d94807 |
||